A marginalitás szelíd bája
Elmentve itt :
| Szerző: | |
|---|---|
| Adatforrás: | Philobibl |
| Dokumentumtípus: | Könyv |
| Nyelv: | magyar |
| Kulcsszavak: | filozófiatörténet, magyar Csató Pál Petőcz Mihály Vandrák András Greguss Mihály Czente István Csaplovics János Fries, J. F. klasszikus német filozófia Leibniz |
| Megjelent: |
Dunaszerdahely
Kalligram K.
1994
|
| LEADER | 00643nam a2200229 c 4500 | ||
|---|---|---|---|
| 001 | bibDOK00000208 | ||
| 005 | 20200924115643.4 | ||
| 008 | 060518s1994 xo hun | ||
| 100 | 1 | |a Mészáros András | |
| 245 | 1 | 2 | |a A marginalitás szelíd bája |c Mészáros András |
| 260 | |a Dunaszerdahely |b Kalligram K. |c 1994 | ||
| 300 | |a 181 p. | ||
| 695 | |a filozófiatörténet, magyar | ||
| 695 | |a Csató Pál | ||
| 695 | |a Petőcz Mihály | ||
| 695 | |a Vandrák András | ||
| 695 | |a Greguss Mihály | ||
| 695 | |a Czente István | ||
| 695 | |a Csaplovics János | ||
| 695 | |a Fries, J. F. | ||
| 695 | |a klasszikus német filozófia | ||
| 695 | |a Leibniz | ||